000 00776nam a2200241 a 4500
003 DO-SdBNP
005 20240229073921.0
007 ta
008 220525e2016 dr ||||fr|||| 001 jdspa d
020 _a9789945454512
040 _aDO-SdBNP
_bspa
_cBNPHU
082 4 _222
_bG216m
245 _aMemorias del miocardio. /
_cCarlos Heriberto García Lithgow; Prólogo, Andrés L. Mteo
260 _aSanto Domingo :
_bManatí,
_c2016
300 _a119 p. ;
_c22 cm.
500 _aIncluye datos biográficos del autor en la solapa de la cubierta.
590 _aInventariado 2022 / MF
650 4 _978295
_aLiteratura
_xRepública Dominicana
650 4 _978695
_aCuentos dominicanos
700 1 _aMateo, Andrés L.,
_d 1946-
_epról.
_9776
910 _aMFeliz
942 _2ddc
_cLBS1
999 _c51812
_d51812